[Event "45th Olympiad 2024"]
[Site "Budapest HUN"]
[Date "2024.09.22"]
[Round "11.19"]
[Board "2"]
[White "Quizon, Daniel"]
[Black "Banusz, Tamas"]
[Result "1/2-1/2"]
[WhiteElo "2490"]
[BlackElo "2605"]
[PlyCount "103"]
[EventDate "2024.09.11"]
[WhiteTeam "Philippines"]
[BlackTeam "Hungary B"]
[WhiteTeamCountry "PHI"]

1. e4 c5 2. Nc3 Nc6 3. Nge2 Nf6 4. g3 d5 5. exd5 Nd4 6. Bg2 Bg4 7. h3 Bf3 8. Bxf3 Nxf3+ 9. Kf1 Nd4 10. Kg2 Nxd5 11. Nxd4 cxd4 12. Nxd5 Qxd5+ 13. Qf3 Qxf3+ 14. Kxf3 Rc8 15. c3 g6 16. cxd4 Bg7 17. d3 Rc2 18. Re1 $146 ({RR} 18. Be3 Kd7 19. Rab1 Rhc8 20. a4 Kd6 21. Rhc1 Kd5 22. b3 Bf6 23. Rxc2 Rxc2 24. g4 g5 25. h4 h6 26. hxg5 hxg5 27. b4 Ra2 28. a5 Rc2 29. b5 Bxd4 30. b6 Bxe3 31. Kxe3 a6 32. Rh1 Rc5 {0-1 Malyovanyi,Y (2311)-Shishkin,V (2469) Kiev Shystarev Memorial 1st 2020 (7)}) 18... Kd7 19. Bg5 e6 20. d5 e5 21. Re2 Rhc8 22. Rae1 f5 23. Rxc2 Rxc2 24. Re2 Rc5 25. Be3 Rxd5 26. Rd2 Rd6 27. Ke2 Rc6 28. Kd1 a6 29. Rc2 h5 30. f3 Rxc2 31. Kxc2 Kc6 32. b3 Kd5 33. Kd2 Bf6 34. Ke2 Be7 35. Bc1 Bd6 36. Bb2 b5 37. Bc3 g5 38. g4 hxg4 39. hxg4 b4 40. Be1 f4 41. Kd2 Bc5 42. Kc2 a5 43. Bd2 Bf2 44. Bc1 Be1 45. Bb2 Bg3 46. Ba1 Bh4 47. Bb2 Bf2 48. Ba1 Bd4 49. Bxd4 Kxd4 50. Kd2 Kd5 51. Kc2 Kc5 52. Kc1 1/2-1/2

[Event "45th Olympiad 2024"]
[Site "Budapest HUN"]
[Date "2024.09.22"]
[Round "11.19"]
[Board "3"]
[White "Prohaszka, Peter2"]
[Black "Gomez, John Paul"]
[Result "1-0"]
[WhiteElo "2542"]
[BlackElo "2408"]
[PlyCount "87"]
[EventDate "2024.09.11"]
[WhiteTeam "Hungary B"]
[BlackTeam "Philippines"]
[BlackTeamCountry "PHI"]

1. Nf3 Nf6 2. g3 g6 3. Bg2 Bg7 4. d4 d5 5. O-O O-O 6. c3 b6 7. c4 e6 8. Bg5 Bb7 9. cxd5 exd5 10. Nc3 Nbd7 11. Rc1 $146 ({RR} 11. Ne5 h6 12. Nxd7 Qxd7 13. Bxf6 Bxf6 14. e3 Rfd8 15. b4 c6 16. Qb3 h5 17. h4 {½-½ Aranha Filho,A (2316)-Mekhitarian,K (2529) Florianopolis op 4th 2018 (3)}) 11... h6 12. Bxf6 Nxf6 13. b4 c6 14. Ne5 Nd7 15. Nxd7 Qxd7 16. a4 Rfd8 17. e3 a5 18. bxa5 bxa5 19. Qc2 Ba6 20. Rfd1 Rab8 21. Bf1 Bxf1 22. Rxf1 Rb4 23. Ne2 Rc4 24. Qa2 Rxc1 25. Rxc1 Bf8 26. Qb3 Bb4 27. Nf4 Rb8 28. Qc2 Rc8 29. Nd3 Bd6 30. Qc3 Qc7 31. Kg2 h5 32. h4 Qb6 33. Nc5 Bxc5 34. Qxc5 Qb4 35. Qa7 Qxa4 36. Qb7 Re8 37. Rxc6 Qa2 38. Qd7 Rb8 39. Rc7 Rf8 40. Ra7 Kg7 41. Qb5 Rd8 42. Qb7 Rf8 43. Qc6 Rb8 44. Qc7 1-0

[Event "45th Olympiad 2024"]
[Site "Budapest HUN"]
[Date "2024.09.22"]
[Round "11.19"]
[Board "4"]
[White "Garcia, Jan Emmanuel"]
[Black "Papp, Gabor1"]
[Result "1/2-1/2"]
[WhiteElo "2380"]
[BlackElo "2550"]
[PlyCount "150"]
[EventDate "2024.09.11"]
[WhiteTeam "Philippines"]
[BlackTeam "Hungary B"]
[WhiteTeamCountry "PHI"]

1. Nf3 d5 2. d4 Nf6 3. c4 e6 4. cxd5 exd5 5. Nc3 c6 6. Qc2 Be7 7. Bg5 g6 8. e3 Bf5 9. Bd3 Bxd3 10. Qxd3 Nbd7 11. Bh6 Bf8 12. Bf4 ({RR} 12. Bxf8 Kxf8 13. O-O Kg7 14. Rab1 a5 15. h3 Qe7 16. Rfe1 Rhe8 17. Qc2 h5 18. Ng5 Nb6 19. b3 Kh6 20. f4 Kg7 21. Qf2 Nc8 22. e4 dxe4 23. Ncxe4 Nd6 24. Nc5 Qc7 25. Re5 Nd7 26. Rbe1 Nxe5 {1-0 Hajiyev,K (2129)-Nemec,J (2393) Titled Tue 2nd Jan Early 2024 (8)}) 12... Qe7 ({RR} 12... Nh5 13. Bg5 Be7 14. Bh6 Bf8 15. Bxf8 Kxf8 16. O-O Kg7 17. b4 Re8 18. b5 Nhf6 19. bxc6 bxc6 20. Rfc1 Qa5 21. Ne2 Rac8 22. Nd2 Qb5 23. Nf4 Ne4 24. Nxe4 dxe4 25. Qa3 Nf6 26. Qxa7 Ra8 27. Qc5 {1-0 Gledura,B (2637)-Prohaszka,P (2570) HUN-ch Rapid 2022 (12)}) 13. O-O Bg7 14. b4 O-O $146 ({RR} 14... a6 15. a4 O-O 16. b5 c5 17. bxa6 bxa6 18. Rab1 Qe6 19. Be5 Rfc8 20. Rfd1 Rc6 21. Ne2 c4 22. Qc2 Rb6 23. Nc3 Bf8 24. a5 Rb4 25. h3 Qc6 26. Bf4 Rd8 27. Nd2 Re8 28. Rdc1 Bd6 29. Bxd6 {½-½ Danielsen,H (2480)-Hansen,L (2545) DEN-ch Odense 1994 (2)}) 15. Rab1 a6 16. a4 Ne4 17. Nd2 g5 18. Bg3 f5 19. f4 Nxc3 20. Qxc3 g4 21. Bf2 h5 22. h4 Rfc8 23. a5 Nf6 24. Qd3 Qe6 25. g3 Ne8 26. Rfc1 Nd6 27. Rb3 Re8 28. Rc2 Qf7 29. Kg2 Re6 30. Rc1 Rae8 31. Rc2 Kh7 32. Rc1 Kg6 33. Rc2 Bf8 34. Rc1 Nb5 35. Rc2 Bd6 36. Rcb2 Bb8 37. Rc2 Ba7 38. Rc1 Bb8 39. Rc2 Bd6 40. Rcb2 Bf8 41. Rc2 Rb8 42. Ra2 Ree8 43. Rb1 Qe6 44. Rb3 Rbc8 45. Rb1 Rcd8 46. Rb3 Ra8 47. Rb1 Rad8 48. Rb3 Nd6 49. Rc2 Bg7 50. Rc1 Bf6 51. Kg1 Re7 52. Kh2 Kh6 53. Kg2 Rg7 54. Rbc3 Qe7 55. Rh1 Qe6 56. Rc2 Be7 57. Rc3 Rgg8 58. Rc2 Rg6 59. Rc3 Nb5 60. Rb3 Rb8 61. Ra1 Rgg8 62. Ra2 Nd6 63. Rc2 Rbd8 64. Rc1 Rg6 65. Rbc3 Qf7 66. Rb3 Rb8 67. Rc2 Qf8 68. Rc1 Qd8 69. Kh2 Rg7 70. Rbb1 Qf8 71. Rb3 Re8 72. Kg2 Qf7 73. Rbb1 Qe6 74. Rc2 Bf8 75. Rb3 Rb8 1/2-1/2

[Event "45th Olympiad 2024"]
[Site "Budapest HUN"]
[Date "2024.09.22"]
[Round "11.20"]
[Board "1"]
[White "Dardha, Daniel"]
[Black "Brkic, Ante"]
[Result "1/2-1/2"]
[WhiteElo "2603"]
[BlackElo "2642"]
[PlyCount "63"]
[EventDate "2024.09.11"]
[WhiteTeam "Belgium"]
[BlackTeam "Croatia"]
[WhiteTeamCountry "BEL"]
[BlackTeamCountry "CRO"]

1. d4 Nf6 2. c4 e6 3. Nc3 Bb4 4. e3 O-O 5. Bd3 d5 6. a3 Bxc3+ 7. bxc3 dxc4 8. Bxc4 c5 9. Ne2 Qc7 10. Bd3 Nc6 11. O-O e5 12. Ng3 Rd8 13. Nh5 Nxh5 14. Qxh5 h6 15. Rb1 Qe7 $146 ({RR} 15... b6 16. f4 exf4 17. Rxf4 Be6 18. Be4 Qd7 19. Bb2 Bc4 20. Qf3 Rac8 21. Bf5 Be6 22. Bxe6 Qxe6 23. Rf1 f6 24. Qg3 Kh7 25. Rg4 Qf7 26. c4 cxd4 27. exd4 Nb8 28. d5 Nd7 29. Qd3+ Kh8 30. Rg6 {1-0 Divya,D (2420)-Santos Latasa,J (2615) Tata Steel Challengers 2024 (3.2)}) 16. f4 exf4 17. Rxf4 Be6 18. Bd2 Rd5 19. Qe2 Rd7 20. Rbf1 Rad8 21. Be1 Ne5 22. Bb5 Ng6 23. Re4 Rd6 24. Bg3 Rb6 25. h4 c4 26. a4 a6 27. h5 axb5 28. hxg6 fxg6 29. axb5 Rxb5 30. Re5 Rxe5 31. Bxe5 b5 32. e4 1/2-1/2

[Event "45th Olympiad 2024"]
[Site "Budapest HUN"]
[Date "2024.09.22"]
[Round "11.20"]
[Board "2"]
[White "Martinovic, Sasa"]
[Black "Vandenbussche, Thibaut"]
[Result "1-0"]
[WhiteElo "2563"]
[BlackElo "2461"]
[PlyCount "119"]
[EventDate "2024.09.11"]
[WhiteTeam "Croatia"]
[BlackTeam "Belgium"]
[WhiteTeamCountry "CRO"]
[BlackTeamCountry "BEL"]

1. d4 d5 2. c4 e6 3. Nf3 c5 4. cxd5 exd5 5. Bg5 Be7 6. Bxe7 Qxe7 7. e3 ({RR} 7. Nc3 Nf6 8. dxc5 Qxc5 9. e3 O-O 10. Be2 Nc6 11. O-O Rd8 12. Rc1 Qb4 13. Na4 Bg4 14. a3 Qe7 15. Re1 Rac8 16. h3 Bh5 17. Nc3 h6 18. Nd4 Bxe2 19. Rxe2 Ne4 20. Rec2 Qe8 21. Nce2 Ne7 {½-½ Aronian,L (2781)-Kotronias,V (2599) WchT 7th Bursa 2010 (6.1)}) ({RR} 7. Nc3 Nf6 8. dxc5 Qxc5 9. e3 Nc6 10. Rc1 O-O 11. Be2 Be6 12. O-O Rad8 13. a3 Qe7 14. Qa4 a6 15. Rfd1 Rd6 16. h3 Rfd8 17. Rd2 h6 18. Rcd1 b5 19. Qf4 g5 20. Qg3 Na5 21. Nd4 Nc4 {1-0 Pultinevicius,P (2492)-Kiik,K (2382) Viljandi Raud Memorial 55th 2021 (8)}) 7... Nf6 8. Bb5+ $146 ({RR} 8. dxc5 Qxc5 9. Be2 Nc6 10. O-O O-O 11. Nbd2 Bf5 12. Nb3 Qd6 13. Rc1 Rfe8 14. Nfd4 Be4 15. Nxc6 bxc6 16. Qd4 Nd7 17. Nc5 Nxc5 18. Rxc5 Qg6 19. g3 Re6 20. Rfc1 Rf6 21. f3 Bf5 22. Bf1 Re8 {1-0 Peng,Z (2400)-Lalic,S (2375) BL 9798 (Women) 1997 [1]}) ({RR} 8. Be2 O-O 9. O-O Nc6 10. dxc5 Qxc5 11. Nc3 Rd8 12. Rc1 Qb4 13. Qc2 d4 14. a3 Qe7 15. Nxd4 Nxd4 16. exd4 Rxd4 17. Nb5 Rd8 18. Nxa7 Bf5 19. Qxf5 Qxe2 20. Qb5 Re8 21. Qxb7 Rab8 22. Qc6 Rxb2 {1-0 Morozevich,A (2678)-Grischuk,A (2701) RUS-chT 10th Group1 2003 (2)}) 8... Bd7 9. Bxd7+ Nbxd7 10. dxc5 Nxc5 11. Nc3 O-O 12. O-O Rfd8 13. Rc1 Nce4 14. Qb3 a6 15. h3 Rd6 16. Ne2 g6 17. Rc2 Rc6 18. Rfc1 Rxc2 19. Rxc2 Qd7 20. Ne5 Qf5 21. Nd3 Rc8 22. Nd4 Qd7 23. Rxc8+ Qxc8 24. f3 Nd2 25. Qb4 Nc4 26. Qe7 Qe8 27. Qxe8+ Nxe8 28. Kf2 h5 29. h4 Nc7 30. b3 Nd6 31. Kg3 Kg7 32. Kf4 Kf6 33. g4 hxg4 34. fxg4 Ncb5 35. g5+ Ke7 36. Ke5 Nc3 37. Nb4 Kd7 38. a4 Nde4 39. Nxd5 Nxd5 40. Kxd5 Nc3+ 41. Kc5 Ne4+ 42. Kb6 Kc8 43. Nf3 Kb8 44. Ne5 Nd6 45. Kc5 Kc7 46. Kd5 a5 47. e4 b6 48. Nc4 Ne8 49. e5 Ng7 50. Nd6 Kd7 51. Nxf7 Nf5 52. e6+ Ke7 53. Ne5 Nxh4 54. Nc6+ Ke8 55. Ke5 Ng2 56. Kf6 Nf4 57. e7 Nd3 58. Kxg6 Nc5 59. Kf6 Ne4+ 60. Kf5 1-0

[Event "45th Olympiad 2024"]
[Site "Budapest HUN"]
[Date "2024.09.22"]
[Round "11.20"]
[Board "3"]
[White "Maerevoet, Sim"]
[Black "Livaic, Leon"]
[Result "0-1"]
[WhiteElo "2432"]
[BlackElo "2550"]
[PlyCount "80"]
[EventDate "2024.09.11"]
[WhiteTeam "Belgium"]
[BlackTeam "Croatia"]
[WhiteTeamCountry "BEL"]
[BlackTeamCountry "CRO"]

1. c4 d6 2. Nc3 e5 3. Nf3 f5 4. d4 e4 5. Ng5 c6 6. g3 Be7 7. h4 Nf6 8. Bg2 Na6 9. O-O ({RR} 9. Rb1 Nc7 10. d5 O-O 11. a4 Ng4 12. Nh3 cxd5 13. cxd5 e3 14. f3 Bxh4 15. gxh4 Qxh4+ 16. Kf1 f4 17. fxg4 Bxg4 18. Qe1 Qf6 19. Ng1 Rae8 20. Qh4 Qg6 21. Ra1 Rf5 22. Be4 h5 23. Nf3 Rxe4 {0-1 Firouzja,A (2777)-Rapport,R (2752) SuperUnited Blitz 2023 (3.3)}) 9... Nc7 10. b3 $146 ({RR} 10. Qb3 O-O 11. a4 Rb8 12. a5 h6 13. Nh3 Be6 14. Nf4 Bf7 15. Nd1 Nh5 16. Nxh5 Bxh5 17. f3 Ne6 18. e3 exf3 19. Bxf3 Qe8 20. Nc3 Qg6 21. Kh2 f4 22. gxf4 Qf6 23. Qd1 Qxh4+ 24. Kg2 Bxf3+ {1-0 Schnelting,M-Weiss,T Ruhrgebiet VK1 9697 1996}) 10... d5 11. Bf4 h6 12. Nh3 Be6 13. Rc1 Bd6 14. e3 Bf7 15. cxd5 Ncxd5 16. Nxd5 Nxd5 17. Be5 O-O 18. Nf4 Bxe5 19. dxe5 Re8 20. Nxd5 Qxd5 21. Qxd5 Bxd5 22. Rfd1 Kf7 23. Bf1 Rad8 24. Rc5 b6 25. Rc2 Ke6 26. Rcd2 Kxe5 27. Bc4 g5 28. hxg5 hxg5 29. b4 Rd6 30. Bxd5 cxd5 31. Rc1 f4 32. Rc7 f3 33. g4 d4 34. Rxd4 Rxd4 35. exd4+ Kxd4 36. Rxa7 e3 37. fxe3+ Kxe3 38. Kf1 Rh8 39. Re7+ Kf4 40. Kg1 Kg3 0-1

[Event "45th Olympiad 2024"]
[Site "Budapest HUN"]
[Date "2024.09.22"]
[Round "11.20"]
[Board "4"]
[White "Stevic, Hrvoje"]
[Black "Lenaerts, Lennert"]
[Result "1-0"]
[WhiteElo "2531"]
[BlackElo "2300"]
[PlyCount "83"]
[EventDate "2024.09.11"]
[WhiteTeam "Croatia"]
[BlackTeam "Belgium"]
[WhiteTeamCountry "CRO"]
[BlackTeamCountry "BEL"]

1. e4 {Yermolinsky,Alex} e5 2. Nf3 Nc6 3. Bc4 Bc5 4. O-O Nf6 5. d3 a6 6. c3 d6 7. a4 Ba7 8. Re1 h6 9. Nbd2 O-O 10. h3 Re8 11. b4 Be6 12. Bxe6 Rxe6 13. Qc2 Qd7 ({RR} 13... Ne7 14. Nf1 Ng6 15. c4 a5 16. bxa5 Ne7 17. Rb1 Rb8 18. Bd2 Nc6 19. Ng3 Nd7 20. Rb5 Nc5 21. Reb1 Qc8 22. Be3 Re8 23. Nf5 Ne6 24. Qd2 ({RR} 24. a6 bxa6 25. Rxb8 Bxb8 26. c5) 24... h5 25. d4 exd4 ({RR} 25... g6 26. d5 gxf5 27. exf5 Nc5 28. Bxc5 Qxf5 29. Bxa7 Nxa7 30. Rxb7) 26. N3xd4 Nexd4 27. Nxd4 Bxd4 28. Bxd4 {1-0 Karjakin,S (2776)-Carlsen,M (2851) Paris GCT Blitz 2017 (15)} {RR} Qe6 ({RR} 28... Nxd4 29. Qxd4 g6 30. f4) 29. Rxb7 Rxb7 30. Rxb7 Qxc4 31. Bc3 Ne5 32. f3) 14. Rb1 Ne7 15. Nf1 Re8 $146 ({RR} 15... Rd8 16. Ng3 Ng6 17. c4 Ree8 18. Bd2 c6 19. b5 axb5 20. axb5 d5 21. b6 Bb8 22. c5 Nf4 23. Rb3 g6 24. Be3 Kg7 25. Ra1 h5 26. Ra8 Rh8 27. Rxb8 Rxb8 28. Nxe5 Nxh3+ 29. gxh3 Qxh3 30. Bd4 {1-0 Preotu,R (2473)-Klabis,R (2353) Titled Tuesday intern op 23rd Nov blitz 2021 (6)}) ({RR} 15... Rd8 16. d4 Ng6 17. d5 Ree8 18. Be3 Bxe3 19. Nxe3 c6 20. Nd2 cxd5 21. exd5 Nf4 22. Qb3 e4 23. c4 Re5 24. Nef1 Rde8 25. Ng3 h5 26. Qe3 g5 27. Qd4 h4 28. Ngxe4 Nxe4 29. Rxe4 Rxe4 30. Nxe4 {1-0 Urh,Z (2287)-Ivekovic,T (2081) 24th Mediterranean Flower 2024 (8.2)}) ({RR} 15... Ng6 16. Ng3 d5 17. c4 dxc4 18. dxc4 Rd8 19. c5 a5 20. b5 Qd3 21. Qxd3 Rxd3 22. Be3 Re8 23. b6 cxb6 24. cxb6 Bb8 25. Rb5 Nd7 26. Reb1 Ne7 27. Rxa5 Nc6 28. Ra8 Ra3 29. Nf5 Nf6 30. Nd2 {1-0 Preotu,R (2494)-Jimenez Jimenez,L (2157) Titled Tue 21st Feb Late 2023 (7)}) 16. b5 axb5 17. axb5 Ng6 18. Ng3 Bc5 19. d4 exd4 20. cxd4 Bb6 21. Bd2 Ra8 22. d5 Ree8 23. Bc3 Ne5 24. Nxe5 dxe5 25. Rb3 Ba5 26. Rc1 Bxc3 27. Rxc3 Qxb5 28. Rb1 Qa4 29. Rxb7 Qxc2 30. Rxc2 Rec8 31. Rcxc7 Rxc7 32. Rxc7 g6 33. f3 Kf8 34. h4 h5 35. Nf1 Ne8 36. Rc6 Ra1 37. Kf2 Ra2+ 38. Kg3 Re2 39. d6 Nf6 40. Rc8+ Kg7 41. Rd8 Re1 42. Nd2 1-0

[Event "45th Olympiad 2024"]
[Site "Budapest HUN"]
[Date "2024.09.22"]
[Round "11.21"]
[Board "1"]
[White "Galaviz Medina, Sion Radamantys"]
[Black "Andersen, Mads"]
[Result "1-0"]
[WhiteElo "2488"]
[BlackElo "2598"]
[PlyCount "95"]
[EventDate "2024.09.11"]
[WhiteTeam "Mexico"]
[BlackTeam "Denmark"]
[WhiteTeamCountry "MEX"]
[BlackTeamCountry "DEN"]

1. d4 {Krasenkow,Michal} d5 2. c4 dxc4 3. e3 Nf6 4. Bxc4 e6 5. Nf3 c5 6. O-O a6 7. Qe2 b5 8. Bd3 Nbd7 ({RR} 8... cxd4) 9. a4 c4 ({RR} 9... cxd4 10. axb5) ({RR} 9... b4 10. Nbd2) ({RR} 9... bxa4) 10. Bc2 Bb7 11. e4 ({RR} 11. b3 cxb3 12. Bxb3 b4 ({RR} 12... Be7 13. Nbd2 O-O 14. Bb2 bxa4 15. Bxa4 Nb6 16. Bc2 Nbd5 17. Rfc1 Nb4 18. Bb3 a5 19. Ne5 Ba6 20. Ndc4 Bd6 21. Qd1 Bc7) 13. Nbd2 Be7 14. a5 O-O 15. Bb2 Qb8 16. Rfc1 Rc8 17. Bc4 h6 18. e4 Qa7 19. Bd3 Rxc1+ 20. Rxc1 Rc8 21. Nb3 Rxc1+ 22. Bxc1 Qa8 23. Nfd2 Qc8) ({RR} 11. axb5 axb5 12. Rxa8 Qxa8 13. b3 ({RR} 13. Nbd2 Be7 14. e4 O-O 15. Re1 Rd8 16. e5 Nd5 17. Ne4 Nb4) 13... cxb3 14. Bxb3 Be7 15. Qxb5 Bxf3 16. gxf3 Qxf3 17. Nd2 Qg4+ 18. Kh1 O-O) 11... Be7 ({RR} 11... Qc7 12. axb5 axb5 13. Rxa8+ Bxa8 14. Bg5 ({RR} 14. d5) 14... Be7 15. Nbd2 e5 16. dxe5 Nxe5 17. Nd4 Qc5 18. Nf5) 12. Rd1 ({RR} 12. Nc3 b4 13. e5 bxc3 14. exf6 Nxf6 15. bxc3 Bxf3 16. Qxf3 Nd5 ({RR} 16... O-O 17. Rb1 ({RR} 17. Bf4 Nd5) 17... Rb8 18. Bf4 Rxb1 19. Rxb1 Qa8 20. Qb7 Nd5 21. Qxa8 Rxa8 22. Bd2 Bd6 23. Kf1 Rb8) 17. a5 O-O 18. Qh3 f5 ({RR} 18... g6 19. Bh6 Re8 20. Ba4) 19. Re1 Rf6 ({RR} 19... Bg5 20. Bxg5 Qxg5 21. Ba4) 20. Bg5 Rg6 21. Bxe7 Nxe7 22. Qf3 Nd5 23. Re5 Rf6 24. g3 Rb8 25. Bd1 ({RR} 25. Rae1 Qd6) 25... Qc8 ({RR} 25... Qd6 26. Be2 Qc6 27. Qg2) 26. h4 Rb5 {1-0 Giri,A (2762)-Eljanov,P (2720) EU-chT (Men) 21st 2017 (2.1)} ({RR} 26... Rb2)) ({RR} 12. Nbd2 Qc7 13. e5 Nd5 14. Ne4 Nb4 15. Bb1 Qc6 16. Re1 Nb6 17. axb5 axb5 18. Rxa8+ Bxa8 19. Bg5 Bf8) ({RR} 12. Bg5 O-O 13. Nbd2 h6 ({RR} 13... Re8 14. e5 Nd5 15. Ne4 f5 16. Nd6) 14. Bh4 Nh5 15. Bxe7 Qxe7 16. Qe3 e5 17. h3 Rfc8) ({RR} 12. Nc3 b4 13. e5 bxc3 14. exf6 Nxf6 15. bxc3 Qd5 16. Bf4 Qh5 17. Rfb1 Bd5 18. Bd1 Be4 19. Bc2 Bd5 20. Qe3 Ng4 21. Qe2 {½-½ Wu,Y (2326)-Meng,Y (2268) TCh-CHN DivA Standard 2024 (5.3)}) ({RR} 12. Bg5 O-O 13. Nbd2 h6 14. Bh4 Qb6 15. Rfd1 Rfe8 16. e5 Nd5 17. Bxe7 Nxe7 18. Ne4 Bd5 19. Nd6 Rf8 20. Ra3 f5 21. Nh4 Nc8 22. Nxc8 Rfxc8 23. Ng6 Qd8 24. Rg3 Nf8 25. Nf4 Ra7 26. Qd2 Kh8 {½-½ Hjartarson,J (2465)-Andersen,M (2582) Reykjavik Kvika op 2022 (4)}) 12... O-O 13. Nbd2 $146 ({RR} 13. e5 Nd5 14. Qe4 g6 15. Bh6 Re8 16. Nbd2 Nb4 17. Qxb7 Nxc2 18. Rac1 Nb4 19. axb5 Rb8 20. Qe4 axb5 21. h4 Nd3 22. Rb1 Nb6 23. b3 Qd5 24. Qe2 Nb4 25. bxc4 bxc4 26. Ne4 Nd7 27. Nfg5 Nd3 {1-0 Delemarre,J (2433)-Span,P (2275) NED-chT 0506 2005 (9.8)}) 13... Qb6 ({RR} 13... Qc7 14. Nf1 Rfe8 15. Ng3 b4) 14. Nf1 Rfd8 15. Ng3 Nf8 16. Be3 Ng6 17. Ne5 Rac8 18. f4 c3 19. b3 Nd7 20. Nf3 Nf6 21. Kh1 Ng4 22. Bc1 Qc7 23. f5 exf5 24. Nxf5 Bf8 25. e5 bxa4 26. Rxa4 Re8 27. Rc4 Qb6 28. Rxc8 Bxc8 29. h3 Nf6 30. Ng5 h6 31. Nxf7 Kxf7 32. Rf1 Bxf5 33. Bxf5 Nxe5 34. dxe5 Qc5 35. e6+ Kg8 36. Bg6 Rd8 37. Bf7+ Kh8 38. Bg6 Qb5 39. Qe1 Bb4 40. Bc2 Nh5 41. Rf5 Qe8 42. Qh4 g6 43. Rxh5 gxh5 44. Qf6+ Kg8 45. Bxh6 Bf8 46. Bxf8 Qxf8 47. Qg5+ Kh8 48. Qxh5+ 1-0

[Event "45th Olympiad 2024"]
[Site "Budapest HUN"]
[Date "2024.09.22"]
[Round "11.21"]
[Board "2"]
[White "Thybo, Jesper Sondergaard"]
[Black "Hernandez Guerrero, Gilberto"]
[Result "1/2-1/2"]
[WhiteElo "2555"]
[BlackElo "2482"]
[PlyCount "125"]
[EventDate "2024.09.11"]
[WhiteTeam "Denmark"]
[BlackTeam "Mexico"]
[WhiteTeamCountry "DEN"]
[BlackTeamCountry "MEX"]

1. d4 Nf6 2. c4 e6 3. Nf3 Bb4+ 4. Bd2 Qe7 5. g3 Bxd2+ 6. Qxd2 Nc6 7. a3 d5 8. Bg2 O-O 9. O-O dxc4 10. Qc3 Rd8 11. Nbd2 Nd5 12. Qxc4 e5 13. dxe5 Nxe5 14. Nxe5 Qxe5 15. Qc5 $146 ({RR} 15. Nf3 Qe7 16. Rfd1 c6 17. Rac1 Be6 18. Qc2 Nb6 19. Nd4 g6 20. Nxe6 Qxe6 21. e3 h5 22. h4 Qf6 23. b4 Rxd1+ 24. Rxd1 Rd8 25. Rxd8+ Qxd8 26. a4 Qd6 27. a5 Nd7 28. a6 bxa6 29. Qxc6 Qxc6 {0-1 Ohanyan,E (2456)-Ter Sahakyan,S (2643) World Blitz 2023 (11.40)}) ({RR} 15. Rad1 c6 16. Nf3 Qe7 17. e4 Nb6 18. Rxd8+ Qxd8 19. Qc2 Qe7 20. Nd4 Bg4 21. h3 Bd7 22. Nb3 Be6 23. Na5 Rc8 24. Rd1 f6 25. Kh2 Rc7 26. f4 c5 27. e5 fxe5 28. fxe5 g6 29. Qe4 Bf5 {½-½ Kozlov,O (2279)-Loginov,V (2478) St Petersburg-ch Seniors 2022 (2)}) ({RR} 15. Nf3 Qe7 16. Rfd1 c6 17. Nd4 h6 18. Rac1 Nb6 19. Qc3 Qf6 20. e4 Be6 21. f4 Bg4 22. Rd2 c5 23. Nb3 Qxc3 24. Rxc3 Rxd2 25. Nxd2 Rd8 26. Nf3 Rd1+ 27. Kf2 Bxf3 28. Kxf3 Rd2 29. Rxc5 Rxb2 {1-0 Lazavik,D (2440)-Levitsky,A (2329) Titled Tuesday intern op 28th Sept blitz 2021 (8)}) 15... Be6 16. e4 b6 17. Qc1 Nf6 18. Nf3 Qb5 19. e5 Ne8 20. Nd4 Rxd4 21. Bxa8 Qxe5 22. Re1 Qd6 23. Rd1 c5 24. Bf3 Nc7 25. Rxd4 Qxd4 26. Qc2 g6 27. Rd1 Qf6 28. Be2 h5 29. h4 Bf5 30. Bd3 Bg4 31. Be2 Bf5 32. Qc3 Qxc3 33. bxc3 Kf8 34. f3 Be6 35. Kf2 Ke7 36. Ke3 Nd5+ 37. Kd2 Nf6 38. a4 Kd6 39. a5 Kc6 40. Rb1 c4 41. axb6 axb6 42. Ra1 b5 43. Ra7 Kb6 44. Ra8 Kc5 45. Bd1 Nd5 46. Bc2 b4 47. cxb4+ Nxb4 48. Be4 Kd4 49. Rd8+ Ke5 50. Bb7 Na2 51. Ke3 Nb4 52. f4+ Kf6 53. Bc8 Nd5+ 54. Ke4 Ne7 55. Bxe6 Kxe6 56. Ra8 Nf5 57. Ra6+ Ke7 58. Ke5 Nxg3 59. Rc6 Kf8 60. f5 Nxf5 61. Kf6 Ne7 62. Rxc4 Ng8+ 63. Kg5 1/2-1/2

[Event "45th Olympiad 2024"]
[Site "Budapest HUN"]
[Date "2024.09.22"]
[Round "11.21"]
[Board "3"]
[White "Cori Quispe, Kevin Joel"]
[Black "Olsen, Filip Boe"]
[Result "1/2-1/2"]
[WhiteElo "2461"]
[BlackElo "2441"]
[PlyCount "105"]
[EventDate "2024.09.11"]
[WhiteTeam "Mexico"]
[BlackTeam "Denmark"]
[WhiteTeamCountry "MEX"]
[BlackTeamCountry "DEN"]

1. e4 c6 2. d4 d5 3. e5 Bf5 4. h4 h5 5. c4 e6 6. Nc3 dxc4 7. Bxc4 Nd7 8. Nge2 Be7 9. g3 Nb6 10. Bd3 Bxd3 11. Qxd3 Nh6 12. Bxh6 Rxh6 13. Nf4 $146 ({RR} 13. a3 Kf8 14. O-O g6 15. Rfd1 Kg7 16. Rac1 Rh8 17. Qe4 Qd7 18. Rd3 Rad8 19. Nf4 Nd5 20. Rcd1 a5 21. Rf3 b5 22. Qc2 b4 23. axb4 axb4 24. Ne4 Nxf4 25. Rxf4 Qd5 26. Rc1 Rc8 27. Nf6 Bxf6 {1-0 Henriquez Villagra,C (2596)-Shimanov,A (2576) 40th Andorra Open 2024 (8.1)}) ({RR} 13. Ne4 Nd5 14. a3 Qb6 15. b4 Rh8 16. O-O g6 17. Rab1 a6 18. Nc1 Kf8 19. Nb3 Kg7 20. Nbc5 Qc7 21. Rfc1 Rhd8 22. a4 Bf8 23. Ng5 Bxc5 24. bxc5 Ne7 25. Ne4 Qxe5 26. Nd6 Rxd6 27. cxd6 Qxd6 {1-0 Daulyte-Cornette,D (2375)-Berzina,I (2150) Int Open ch-GER Women 2024 (8.5)}) 13... g6 14. Rd1 Nd5 15. Ncxd5 cxd5 16. Qb3 Qb6 17. Qa4+ Kd8 18. O-O Qb4 19. Qc2 Rc8 20. Qe2 Rh8 21. Rd3 Rc7 22. Rfd1 Qc4 23. a3 Kd7 24. Kf1 Rhc8 25. Rf3 Ke8 26. Qxc4 Rxc4 27. Ng2 Bd8 28. Rfd3 b5 29. Ne3 Ra4 30. Ke2 b4 31. axb4 Rxb4 32. R1d2 Ba5 33. b3 Bd8 34. Ra2 a5 35. Nc2 Rb5 36. Kd2 Rcb8 37. Ra3 g5 38. hxg5 Bxg5+ 39. Kd1 Be7 40. Ra1 Bd8 41. Ra3 Be7 42. Ra1 R8b7 43. Rc3 Kf8 44. Ke2 Kg7 45. Ne3 f6 46. Rc6 Kf7 47. Rh1 R5b6 48. Rc8 Rb8 49. Rc7 R8b7 50. Rc8 Rb8 51. Rc7 R8b7 52. Rc8 Rb8 53. Rc7 1/2-1/2

[Event "45th Olympiad 2024"]
[Site "Budapest HUN"]
[Date "2024.09.22"]
[Round "11.21"]
[Board "4"]
[White "Ramsdal, Jens Albert"]
[Black "Palma Villanueva, Miguel Tadeo"]
[Result "0-1"]
[WhiteElo "2328"]
[BlackElo "2266"]
[PlyCount "122"]
[EventDate "2024.09.11"]
[WhiteTeam "Denmark"]
[BlackTeam "Mexico"]
[WhiteTeamCountry "DEN"]
[BlackTeamCountry "MEX"]

1. d4 g6 2. e4 Bg7 3. Nc3 d5 4. exd5 Nf6 5. Bb5+ Nbd7 6. Nf3 O-O 7. O-O Nb6 8. Re1 Nbxd5 9. Nxd5 Nxd5 10. Bf1 c6 11. Bg5 h6 12. Bh4 g5 $146 ({RR} 12... Bg4 13. c4 Nf6 14. Re3 g5 15. Bg3 Nh5 16. d5 Nxg3 17. hxg3 cxd5 18. cxd5 Rc8 19. Qb3 Rc7 20. Ne5 Bf5 21. Bd3 Bxd3 22. Qxd3 Rc5 23. Rd1 Qc7 24. b4 Rc1 25. Rxc1 Qxc1+ 26. Kh2 Qb2 27. Qf5 {0-1 Ruiz Saiz,A (2240)-Palacios de la Prida,E (2285) ESP-chT Spain 1990}) 13. Bg3 Bg4 14. Be2 Qb6 15. c4 Nf4 16. Bxf4 gxf4 17. Ne5 Bxe2 18. Rxe2 Rad8 19. Rd2 Qa5 20. Nf3 Rd7 21. a3 Rfd8 22. b4 Qh5 23. Qe2 e5 24. Rad1 exd4 25. Qe4 Qg4 26. Rd3 Rd6 27. h3 Qe6 28. Qxe6 Rxe6 29. Kf1 b6 30. Re1 Rde8 31. Rxe6 Rxe6 32. Rd2 c5 33. b5 Kf8 34. Ne1 Ke7 35. Re2 Kf6 36. Rxe6+ fxe6 37. f3 Kf5 38. Nd3 Bf6 39. Ke2 Bh4 40. a4 e5 41. a5 bxa5 42. Nxc5 Be7 43. Ne4 Ke6 44. Kd3 a4 45. Kc2 Bb4 46. Nf2 Kf5 47. Nd3 Be7 48. c5 e4 49. fxe4+ Kxe4 50. c6 Bd6 51. Nc5+ Ke3 52. Nxa4 d3+ 53. Kd1 Kf2 54. b6 axb6 55. Nxb6 Kxg2 56. Nc4 f3 57. Ne3+ Kxh3 58. Kd2 f2 59. Kxd3 Kh2 60. Ke2 Kg1 61. Kf3 h5 0-1